Tổng quan về hệ bán dẫn tháp chiều

Tổng quan về hệ bán dẫn tháp chiều. Năng lượng và hàm sóng của điện tử trong bán dẫn tháp chiều. Mật độ trạng thái Tổng quan về hệ bán dẫn tháp chiếu . Phương pháp phương trình động lượng tử

保存先:
書誌詳細
第一著者: Hoàng, ThỊ Yến
その他の著者: Nguyễn, Văn Hiếu Th.S (Hướng dẫn)
フォーマット: 図書
言語:Vietnamese
出版事項: Đại học Đà Nẵng Trường đại học Sư Phạm 2010
シリーズ:Khóa luận tốt nghiệp đại học. Chuyên ngành: Sư phạm Lý
主題:
タグ: タグ追加
タグなし, このレコードへの初めてのタグを付けませんか!
Thư viện lưu trữ: Mạng thư viện Đại học Đà Nẵng
LEADER 01276nam a2200325 4500
001 000012039
003 8323
005 20120215080254.0
008 120215s2010 viesd
041 |a vie 
072 |a Khóa luận tốt nghiệp 
082 |a 537.622  |b HO-Y 
100 |a Hoàng, ThỊ Yến 
245 |a Tổng quan về hệ bán dẫn tháp chiều  |c Hoàng, ThỊ Yến 
260 |a Đại học Đà Nẵng  |b Trường đại học Sư Phạm  |c 2010 
300 |a 52 tr.  |c 29 cm 
490 |a Khóa luận tốt nghiệp đại học. Chuyên ngành: Sư phạm Lý 
500 |a Tham khảo tr. 52 
520 |a Tổng quan về hệ bán dẫn tháp chiều. Năng lượng và hàm sóng của điện tử trong bán dẫn tháp chiều. Mật độ trạng thái Tổng quan về hệ bán dẫn tháp chiếu . Phương pháp phương trình động lượng tử 
653 |a Khóa luận tốt nghiệp đại học 
653 |a Khoa Vật lý 
700 |a Nguyễn, Văn Hiếu  |c Th.S  |e Hướng dẫn 
OWN |a LSP 
999 |a From the UDN01 
TYP |a Monograph 
TYP |a Printed language 
980 |a Mạng thư viện Đại học Đà Nẵng